English for Human Resources (Record no. 94185)

MARC details
000 -LEADER
fixed length control field 00566nam a2200217Ia 4500
005 - DATE AND TIME OF LATEST TRANSACTION
control field 20230502163614.0
008 - FIXED-LENGTH DATA ELEMENTS--GENERAL INFORMATION
fixed length control field 230125s9999 xx 000 0 und d
020 ## - INTERNATIONAL STANDARD BOOK NUMBER
International Standard Book Number 978-0-19-457903-2
041 ## - LANGUAGE CODE
Language code of text/sound track or separate title eng
082 ## - DEWEY DECIMAL CLASSIFICATION NUMBER
Classification number 658.312 44
Item number PLE
100 ## - MAIN ENTRY--PERSONAL NAME
Author Pledger P
245 ## - TITLE STATEMENT
Title English for Human Resources
Remainder of title Express Series
260 ## - PUBLICATION, DISTRIBUTION, ETC.
Date of publication, distribution, etc. 2014
Name of publisher, distributor, etc. Oxford University Press
Place of publication, distribution, etc. New Delhi
300 ## - PHYSICAL DESCRIPTION
Extent 80p
500 ## - GENERAL NOTE
Keywords HRM;HRM Gen<br/>
650 ## - SUBJECT ADDED ENTRY--TOPICAL TERM
Topical term or geographic name entry element HRM;HRM Gen
700 ## - ADDED ENTRY--PERSONAL NAME
Personal name Pledger P
942 ## - ADDED ENTRY ELEMENTS (KOHA)
Koha item type Books
906 ## - LOCAL DATA ELEMENT F, LDF (RLIN)
b 124
Holdings
Withdrawn status Lost status Damaged status Not for loan Home library Current library Date acquired Vendor Net Price Bill number Total Checkouts Full call number Barcode Date last seen Actual Price Bill Date Koha item type Original Barcode
        Smt. Hiraben Nanavati Institute of Management & Research for Women Smt. Hiraben Nanavati Institute of Management & Research for Women 20/03/2015 Pritam Book Centre 495.00 9411   658.312 44 PLE B13351 HIMR-BK-13351 25/01/2023 371.00 11/03/2015 Books B13351